Analytical chemistry: interactive CD-ROM.-- 8th ed. [electronic resource] (Record no. 83934)

MARC details
000 -LEADER
fixed length control field 01776nam a2200289 a 4500
008 - FIXED-LENGTH DATA ELEMENTS--GENERAL INFORMATION
fixed length control field 140701c20049999||||||||||||||||| || u
010 ## - LIBRARY OF CONGRESS CONTROL NUMBER
LC control number 99038908
020 ## - INTERNATIONAL STANDARD BOOK NUMBER
International Standard Book Number 0534417965
050 ## - LIBRARY OF CONGRESS CALL NUMBER
Classification number CD/QD 101.2 Sko
100 ## - MAIN ENTRY--PERSONAL NAME
Personal name Skoog, Douglas A
245 10 - TITLE STATEMENT
Title Analytical chemistry: interactive CD-ROM.-- 8th ed. [electronic resource]
Statement of responsibility, etc. Douglas A. Skoog
Medium [cd-rom]
246 ## -
-- Skoog's analytical chemistry: interactive CD-ROM.-- 8th ed. [electronic resource]
250 ## - EDITION STATEMENT
Edition statement 8th ed.
260 ## - PUBLICATION, DISTRIBUTION, ETC.
Place of publication, distribution, etc. Pacific Grove, Cal.
Name of publisher, distributor, etc. Brooks/ Cole
Date of publication, distribution, etc. 2004
300 ## - PHYSICAL DESCRIPTION
Extent 4 3/4 in.
490 ## -
-- Saunders golden sunburst series
650 #0 - SUBJECT ADDED ENTRY--TOPICAL TERM
Topical term or geographic name entry element CHEMISTRY, ANALYTIC - QUANTITATIVE
995 ## -
-- e-RESOURCES
-- 20140050
-- CBU-MAIN LIBRARY (Kitwe)
-- CD/QD 101.2 Sko
-- 1
-- AVAILABLE
-- Jul 1, 2014
-- 20140050
-- e-Media Collection
995 ## -
-- e-RESOURCES
-- 20142208
-- CBU-MAIN LIBRARY (Kitwe)
-- CD/QD 101.2 Sko
-- 7
-- AVAILABLE
-- Jun 28, 2016
-- 20142208
-- e-Media Collection
995 ## -
-- e-RESOURCES
-- 20142311
-- CBU-MAIN LIBRARY (Kitwe)
-- CD/QD 101.2 Sko
-- 5
-- AVAILABLE
-- May 10, 2016
-- 20142311
-- e-Media Collection
995 ## -
-- e-RESOURCES
-- 20141085
-- CBU-MAIN LIBRARY (Kitwe)
-- CD/QD 101.2 Sko
-- 3
-- AVAILABLE
-- Feb 18, 2016
-- 20141085
-- e-Media Collection
995 ## -
-- e-RESOURCES
-- 20142278
-- CBU-MAIN LIBRARY (Kitwe)
-- CD/QD 101.2 Sko
-- 8
-- AVAILABLE
-- Jul 26, 2016
-- 20142278
-- e-Media Collection
995 ## -
-- e-RESOURCES
-- 20141194
-- CBU-MAIN LIBRARY (Kitwe)
-- CD/QD 101.2 Sko
-- 4
-- AVAILABLE
-- Apr 22, 2016
-- 20141194
-- e-Media Collection
995 ## -
-- e-RESOURCES
-- 20162594
-- CBU-MAIN LIBRARY (Kitwe)
-- CD/QD 101.2 Sko
-- 6
-- AVAILABLE
-- Jun 23, 2016
-- 20162594
-- e-Media Collection
995 ## -
-- e-RESOURCES
-- 20140052
-- CBU-MAIN LIBRARY (Kitwe)
-- CD/QD 101.2 Sko
-- 2
-- AVAILABLE
-- Jul 1, 2014
-- 20140052
-- e-Media Collection
999 ## -
-- 83934
-- 83934
Holdings
Withdrawn status Lost status Source of classification or shelving scheme Damaged status Not for loan Permanent Location Current Location Shelving location Date acquired Total Checkouts Full call number Barcode Date last seen Copy number Price effective from Koha item type
          CBU-MAIN LIBRARY, KITWE. CBU-MAIN LIBRARY, KITWE.   01/08/2024   CD/QD 101.2 Sko 20140050 01/08/2024 1 01/08/2024 DVD/CD-ROM
          CBU-MAIN LIBRARY, KITWE. CBU-MAIN LIBRARY, KITWE.   01/08/2024   CD/QD 101.2 Sko 20142208 01/08/2024 2 01/08/2024 DVD/CD-ROM
          CBU-MAIN LIBRARY, KITWE. CBU-MAIN LIBRARY, KITWE.   01/08/2024   CD/QD 101.2 Sko 20142311 01/08/2024 3 01/08/2024 DVD/CD-ROM
          CBU-MAIN LIBRARY, KITWE. CBU-MAIN LIBRARY, KITWE.   01/08/2024   CD/QD 101.2 Sko 20141085 01/08/2024 4 01/08/2024 DVD/CD-ROM
          CBU-MAIN LIBRARY, KITWE. CBU-MAIN LIBRARY, KITWE.   01/08/2024   CD/QD 101.2 Sko 20142278 01/08/2024 5 01/08/2024 DVD/CD-ROM
          CBU-MAIN LIBRARY, KITWE. CBU-MAIN LIBRARY, KITWE.   01/08/2024   CD/QD 101.2 Sko 20141194 01/08/2024 6 01/08/2024 DVD/CD-ROM
          CBU-MAIN LIBRARY, KITWE. CBU-MAIN LIBRARY, KITWE.   01/08/2024   CD/QD 101.2 Sko 20162594 01/08/2024 7 01/08/2024 DVD/CD-ROM
          CBU-MAIN LIBRARY, KITWE. CBU-MAIN LIBRARY, KITWE.   01/08/2024   CD/QD 101.2 Sko 20140052 01/08/2024 8 01/08/2024 DVD/CD-ROM